01103 a2200217 45000010006000000050017000060080041000230030015000640400040000790800064001192450033001832640057002163000018002735050432002911000024007237000030007477000032007777000027008097000024008367000025008602585720260407155541.0260407a1974 arg spa dAR-UNSa-BCEJYS aAR-UNSa-BCEJYSbspacAR-UNSa-BCEJYS a658xAdministración de empresas. Organización comercial10aAdministración de empresas 1aBuenos Aires :bEdiciones Contabilidad Modernac1974 a25 v.c26 cm. aEncuadre y contenido de la función financiera / Alberto J. Macario. Tomo XI-A Magnitud y estructura de inversiones en las empresas / Alberto J. Macario. Tomo XII-A El capital de trabajo: sus efectos económicos y financieros / Alberto J. Macario. Tomo XIII-A Tasa nominal y tasa real de interés / Alberto J. Macario. Tomo XIV-B Inflación, finanzas, estrategias y políticas de empresas / Alberto J. Macario. Tomo XIV-B 1 aLópez, Alberto T.1 aDealecsandris, Ricardo P.1 aMalenoski Benezet, Jorge A.1 aMessuti, Domingo Jorge1 aRaimondi, Carlos A.1 aBertoletti, Mario E.